قضايا الفلسفة الاجتماعية .الكتاب الثاني: (Record no. 13891)
[ view plain ]
| 000 -الفاتح | |
|---|---|
| حقل البيانات ثابتة الطول | 01028nam a22002057a 4500 |
| 008 - عناصر البيانات ثابتة الطول - معلومات عامة | |
| حقل البيانات ثابتة الطول | 100414s2005 sj|||||r||| 000 0 ara d |
| 020 ## - الرقم الدولى المعيارى للكتب | |
| الرقم الدولى المعيارى للكتاب | 99942540038 |
| 082 ## - رقم تصنيف ديوى العشرى | |
| رقم الطبعة | 22 |
| رقم التصنيف | 177 |
| رقم المادة | ع ا ب |
| 100 ## - المدخل الرئيسى - إسم شخصى | |
| 9 (RLIN) | 13555 |
| الإسم الشخصى | زين العابدين، عبد المتعال |
| 245 ## - بيان العنوان | |
| العنوان | قضايا الفلسفة الاجتماعية .الكتاب الثاني: |
| بقية العنوان | /مفهوم العقوبة: الجزائية- النفعية- العلاجية |
| بيان المسئوليه,etc | عبد المتعال زين العابدين |
| 260 ## - PUBLICATION, DISTRIBUTION, ETC. (IMPRINT) | |
| مكان الناشر او الموزع | الخرطوم: |
| اسم الناشر او الموزع | دار عزة ، 2005 |
| تاريخ النشر أو التوزيع | 2005 |
| 300 ## - الوصف المادى | |
| التعداد | 525 ص؛ |
| تفاصيل ماديه اخرى للوعاء | 22 سم |
| 500 ## - تبصرة عامة | |
| تبصرة عامة | يحتوي على ببليوجرافية: ص523-524 |
| 541 ## - تبصرة المصدر المباشر للتزويد | |
| مصدر التزويد | الف باء؛ |
| طريقة التزويد | شراء؛ |
| 650 ## - المدخل الاضافى بالموضوع-مصطلح موضوعى | |
| 9 (RLIN) | 13556 |
| مصطلح موضوعي أو اسم جغرافي كعنصر مدخل | الجريمة والمجرمون |
| 650 ## - المدخل الاضافى بالموضوع-مصطلح موضوعى | |
| 9 (RLIN) | 13553 |
| مصطلح موضوعي أو اسم جغرافي كعنصر مدخل | الأخلاق الاجتماعية |
| 650 ## - المدخل الاضافى بالموضوع-مصطلح موضوعى | |
| 9 (RLIN) | 13554 |
| مصطلح موضوعي أو اسم جغرافي كعنصر مدخل | القيم الاجتماعية |
| 942 ## - عناصر المدخل الإضافي( كوها) | |
| مصدر التصنيف او مخطط الترفيف | Dewey Decimal Classification |
| Koha [default] item type | Book - Borrowing |
| حالة التراجع | حالة الفقد | مصدر التصنيف او خطة الترفيف | حالة تلف | ليس للاعارة | مجموعات كوها | المكان الدائم | المكان الحالي | موقع الترفيف | تاريخ الاكتساب | Source of acquisition | رقم الاستدعاء | الباركود | Date last checked out | Date last seen | مُعار | نوع الوعاء |
|---|---|---|---|---|---|---|---|---|---|---|---|---|---|---|---|---|
| Dewey Decimal Classification | Alef-Baa | Central Library | Central Library | Lower Floor | 14/04/2010 | 177 زين | 000020670 | 26/11/2022 | 01/11/2021 | 01/11/2021 | Book - Borrowing |